Philosophical Perspectives on Lifelong Learning

The aim of this book is provide an easily accessible, practical yet scholarly source of information about the international concern for the philosophy, theory, categories and concepts of lifelong learning. The books is concerned to examine in depth the range of philosophical perspectives in the fiel...

Full description

Bibliographic Details
Corporate Author: SpringerLink (Online service)
Other Authors: Aspin, David N. (Editor)
Format: Electronic eBook
Language:English
Published: Dordrecht : Springer Netherlands, 2007.
Series:Lifelong Learning Book Series ; 11
Subjects:
Online Access:Full Text via HEAL-Link
LEADER 04253nam a22006015i 4500
001 978-1-4020-6193-6
003 DE-He213
005 20151204143225.0
007 cr nn 008mamaa
008 100301s2007 ne | s |||| 0|eng d
020 |a 9781402061936  |9 978-1-4020-6193-6 
024 7 |a 10.1007/978-1-4020-6193-6  |2 doi 
040 |d GrThAP 
050 4 |a LB2801-3095 
072 7 |a JNK  |2 bicssc 
072 7 |a EDU001000  |2 bisacsh 
082 0 4 |a 371.2  |2 23 
245 1 0 |a Philosophical Perspectives on Lifelong Learning  |h [electronic resource] /  |c edited by David N. Aspin. 
264 1 |a Dordrecht :  |b Springer Netherlands,  |c 2007. 
300 |a XVIII, 334 p.  |b online resource. 
336 |a text  |b txt  |2 rdacontent 
337 |a computer  |b c  |2 rdamedia 
338 |a online resource  |b cr  |2 rdacarrier 
347 |a text file  |b PDF  |2 rda 
490 1 |a Lifelong Learning Book Series ;  |v 11 
505 0 |a Conceptual Frameworks -- Lifelong Learning: Concepts and Conceptions -- Lifelong Learning and the Politics of the Learning Society -- Lifelong Learning and Vocational Education and Training: Values, Social Capital, and Caring in Work-Based Learning Provision -- From Adult Education to Lifelong Learning and Back Again -- ‘Framing’ Lifelong Learning in the Twenty-First Century: Towards a Way of Thinking -- Values Dimension -- Lifelong Learning: Conceptual and Ethical Issues -- Lifelong Learning: Beyond Neo-Liberal Imaginary -- Widening Participation in Higher Education: Lifelong Learning as Capability -- Lifelong Learning: Exploring Learning, Equity and Redress, and Access -- Lifelong Learning and Democratic Citizenship Education in South Africa -- Epistemological Questions -- Lifelong Learning and Knowledge: Towards a General Theory of Professional Inquiry -- The Nature of Knowledge and Lifelong Learning -- Reading Lifelong Learning Through a Postmodern Lens -- Lifelong Learning in Practice -- Good Practice in Lifelong Learning -- Philosophical Perspectives on Lifelong Learning: Insights from Education, Engineering, and Economics -- Building a Learning Region: Whose Framework of Lifelong Learning Matters? -- Changing Ideas and Beliefs in Lifelong Learning?. 
520 |a The aim of this book is provide an easily accessible, practical yet scholarly source of information about the international concern for the philosophy, theory, categories and concepts of lifelong learning. The books is concerned to examine in depth the range of philosophical perspectives in the field of lifelong learning theory, policy, practice and applied scholarship, extending the scale and scope of the substantive contribution made by philosophical and theoretical approaches to our understanding of education. The book seeks to make an informed contribution to shaping, expanding and deepening people’s understanding the direction of future developments in educational institutions of all kinds preparing for, providing and delivering lifelong learning in all kinds of formal informal and alternative education institutions, agencies and organizations, and their various approaches, policies, practices and processes in the twenty-first century. 
650 0 |a Education. 
650 0 |a Curriculums (Courses of study). 
650 0 |a Education  |x Curricula. 
650 0 |a School management and organization. 
650 0 |a School administration. 
650 0 |a Educational policy. 
650 0 |a ducation and state. 
650 0 |a Educational sociology. 
650 0 |a Education  |x Philosophy. 
650 0 |a Education and sociology. 
650 0 |a Sociology, Educational. 
650 1 4 |a Education. 
650 2 4 |a Administration, Organization and Leadership. 
650 2 4 |a Learning & Instruction. 
650 2 4 |a Educational Policy and Politics. 
650 2 4 |a Sociology of Education. 
650 2 4 |a Educational Philosophy. 
650 2 4 |a Curriculum Studies. 
700 1 |a Aspin, David N.  |e editor. 
710 2 |a SpringerLink (Online service) 
773 0 |t Springer eBooks 
776 0 8 |i Printed edition:  |z 9781402061929 
830 0 |a Lifelong Learning Book Series ;  |v 11 
856 4 0 |u http://dx.doi.org/10.1007/978-1-4020-6193-6  |z Full Text via HEAL-Link 
912 |a ZDB-2-SHU 
950 |a Humanities, Social Sciences and Law (Springer-11648)